Corporate Entrepreneurship and Sustainability A Case Study Collection
Salvato in:
| Altri autori: | , |
|---|---|
| Natura: | Libro |
| Lingua: | inglese |
| Pubblicazione: |
Abingdon
Routledge
2025
|
| Edizione: | 1st Edition |
| Soggetti: | |
| Tags: |
Nessun Tag, puoi essere il primo ad aggiungerne!!
|
MARC
| LEADER | 00000nam a2200000 4500 | ||
|---|---|---|---|
| 001 | 0312614 | ||
| 005 | 20251022142936.7 | ||
| 020 | |a 9781003598060 | ||
| 041 | 0 | |a eng | |
| 044 | |a GB | ||
| 245 | 1 | 0 | |a Corporate Entrepreneurship and Sustainability |b A Case Study Collection |c Edited by Sarah Lai-Yin Cheah and Joshua Ng Jun Zhi |
| 250 | |a 1st Edition | ||
| 264 | 1 | |a Abingdon |b Routledge |c 2025 | |
| 300 | |a 184 s. | ||
| 500 | |a Taylor and Francis e-books. | ||
| 610 | 2 | 0 | |a podnikanie |
| 610 | 2 | 0 | |a podnikanie zodpovedné |
| 610 | 2 | 0 | |a udržateľnosť |
| 610 | 2 | 0 | |a inovácie technologické |
| 610 | 2 | 0 | |a manažment inovačný |
| 610 | 2 | 0 | |a predvídanie |
| 700 | 1 | |a Cheah, Sarah Lai-Yin | |
| 700 | 1 | |a Zhi, Joshua Ng Jun | |